[Event "ODJM C 2023"]
[Site "Willingen GER"]
[Date "2023.06.03"]
[Round "9"]
[White "Dotschuweit, Erik"]
[Black "Sun, Christopher"]
[Result "0-1"]
[Termination "normal"]
[Board "1"]
[WhiteElo "1332"]
[BlackElo "1313"]
[WhiteClock "00:37:16"]
[BlackClock "00:39:31"]
[PlyCount "86"]
[WhiteFideId "34610146"]
[BlackFideId "34630368"]
[EventCountry "GER"]
[EventRounds "9"]
[EventType "swiss"]
[EventDate "2023.05.27"]

1. e4 {[%clk 01:30:30]} {[%emt 00:00:26]} e5 {[%clk 01:30:55]} {[%emt
00:00:09]} 2. Nf3 {[%clk 01:30:46]} {[%emt 00:00:13]} Nc6 {[%clk 01:31:21]}
{[%emt 00:00:05]} 3. Bb5 {[%clk 01:30:57]} {[%emt 00:00:19]} a6 {[%clk
01:31:44]} {[%emt 00:00:07]} 4. Bxc6 {[%clk 01:31:08]} {[%emt 00:00:18]} dxc6
{[%clk 01:32:07]} {[%emt 00:00:07]} 5. O-O {[%clk 01:31:25]} {[%emt 00:00:13]}
Bg4 {[%clk 01:31:13]} {[%emt 00:01:24]} 6. h3 {[%clk 01:31:33]} {[%emt
00:00:22]} Bxf3 {[%clk 01:30:52]} {[%emt 00:00:51]} 7. Qxf3 {[%clk 01:31:37]}
{[%emt 00:00:26]} Nf6 {[%clk 01:30:16]} {[%emt 00:01:05]} 8. d3 {[%clk
01:30:53]} {[%emt 00:01:15]} Bc5 {[%clk 01:28:37]} {[%emt 00:02:10]} 9. Qg3
{[%clk 01:29:57]} {[%emt 00:01:26]} Qd6 {[%clk 01:22:57]} {[%emt 00:06:10]} 10.
Nd2 {[%clk 01:29:21]} {[%emt 00:01:05]} O-O-O {[%clk 01:15:08]} {[%emt
00:08:19]} 11. Nc4 {[%clk 01:29:07]} {[%emt 00:00:44]} Qe6 {[%clk 01:13:28]}
{[%emt 00:02:10]} 12. Qxe5 {[%clk 01:27:05]} {[%emt 00:02:31]} Qxe5 {[%clk
01:09:10]} {[%emt 00:04:50]} 13. Nxe5 {[%clk 01:27:26]} {[%emt 00:00:09]} Rdf8
{[%clk 01:08:37]} {[%emt 00:01:03]} 14. Bg5 {[%clk 01:26:58]} {[%emt 00:00:56]}
Nd7 {[%clk 01:03:50]} {[%emt 00:05:14]} 15. Nxd7 {[%clk 01:25:32]} {[%emt
00:02:00]} Kxd7 {[%clk 01:04:09]} {[%emt 00:00:11]} 16. c3 {[%clk 01:25:36]}
{[%emt 00:00:26]} f6 {[%clk 00:59:30]} {[%emt 00:05:09]} 17. Be3 {[%clk
01:25:32]} {[%emt 00:00:34]} Bxe3 {[%clk 00:57:43]} {[%emt 00:02:18]} 18. fxe3
{[%clk 01:25:54]} {[%emt 00:00:07]} g5 {[%clk 00:56:53]} {[%emt 00:01:20]} 19.
Rf5 {[%clk 01:26:09]} {[%emt 00:00:14]} h5 {[%clk 00:55:53]} {[%emt 00:01:31]}
20. Raf1 {[%clk 01:26:27]} {[%emt 00:00:12]} Ke6 {[%clk 00:51:28]} {[%emt
00:04:55]} 21. e5 {[%clk 01:26:43]} {[%emt 00:00:13]} Rh6 {[%clk 00:51:31]}
{[%emt 00:00:27]} 22. Rxf6+ {[%clk 01:26:55]} {[%emt 00:00:19]} Rhxf6 {[%clk
00:51:45]} {[%emt 00:00:17]} 23. Rxf6+ {[%clk 01:27:13]} {[%emt 00:00:11]} Rxf6
{[%clk 00:52:09]} {[%emt 00:00:06]} 24. exf6 {[%clk 01:27:30]} {[%emt
00:00:13]} Kxf6 {[%clk 00:52:35]} {[%emt 00:00:05]} 25. Kf2 {[%clk 01:27:46]}
{[%emt 00:00:13]} c5 {[%clk 00:52:35]} {[%emt 00:03:02]} 26. Kf3 {[%clk
01:27:40]} {[%emt 00:00:14]} c6 {[%clk 00:52:39]} {[%emt 00:00:26]} 27. Ke4
{[%clk 01:27:55]} {[%emt 00:00:15]} Ke6 {[%clk 00:52:33]} {[%emt 00:00:37]} 28.
d4 {[%clk 01:28:04]} {[%emt 00:00:21]} cxd4 {[%clk 00:52:24]} {[%emt 00:00:38]}
29. exd4 {[%clk 01:28:27]} {[%emt 00:00:07]} b5 {[%clk 00:52:18]} {[%emt
00:00:37]} 30. b4 {[%clk 01:28:47]} {[%emt 00:00:10]} h4 {[%clk 00:50:19]}
{[%emt 00:02:29]} 31. Kf3 {[%clk 01:06:10]} {[%emt 00:23:06]} Kf5 {[%clk
00:48:23]} {[%emt 00:02:27]} 32. Ke3 {[%clk 01:00:33]} {[%emt 00:06:07]} Kf6
{[%clk 00:44:59]} {[%emt 00:03:53]} 33. g4 {[%clk 00:57:12]} {[%emt 00:03:51]}
hxg3 {[%clk 00:44:57]} {[%emt 00:00:32]} 34. Kf3 {[%clk 00:54:14]} {[%emt
00:03:28]} Kf5 {[%clk 00:44:48]} {[%emt 00:00:39]} 35. Kxg3 {[%clk 00:54:28]}
{[%emt 00:00:17]} Kf6 {[%clk 00:44:49]} {[%emt 00:00:25]} 36. Kf3 {[%clk
00:54:02]} {[%emt 00:01:00]} Kf5 {[%clk 00:44:46]} {[%emt 00:00:31]} 37. a3
{[%clk 00:54:22]} {[%emt 00:00:12]} Kf6 {[%clk 00:44:36]} {[%emt 00:00:40]} 38.
Ke3 {[%clk 00:53:02]} {[%emt 00:01:50]} Kf5 {[%clk 00:44:33]} {[%emt 00:00:31]}
39. a4 {[%clk 00:38:13]} {[%emt 00:15:21]} bxa4 {[%clk 00:40:43]} {[%emt
00:04:20]} 40. Kd3 {[%clk 00:38:35]} {[%emt 00:00:07]} a3 {[%clk 00:39:05]}
{[%emt 00:02:08]} 41. Kc2 {[%clk 00:39:00]} {[%emt 00:00:06]} Ke4 {[%clk
00:39:07]} {[%emt 00:00:27]} 42. Kb3 {[%clk 00:39:24]} {[%emt 00:00:06]} Kd3
{[%clk 00:39:23]} {[%emt 00:00:11]} 43. b5 {[%clk 00:37:16]} {[%emt 00:02:42]}
axb5 {[%clk 00:39:31]} {[%emt 00:00:21]} 0-1

[Event "ODJM C 2023"]
[Site "Willingen GER"]
[Date "2023.06.03"]
[Round "9"]
[White "Ensslen, Jakob"]
[Black "Briese, Paul"]
[Result "1-0"]
[Termination "normal"]
[Board "2"]
[WhiteElo "1298"]
[BlackElo "1321"]
[WhiteClock "00:46:42"]
[BlackClock "00:50:53"]
[PlyCount "41"]
[WhiteFideId "34640258"]
[BlackFideId "16273826"]
[EventCountry "GER"]
[EventRounds "9"]
[EventType "swiss"]
[EventDate "2023.05.27"]

1. e4 {[%clk 01:30:51]} {[%emt 00:00:08]} e5 {[%clk 01:30:39]} {[%emt
00:00:21]} 2. Nc3 {[%clk 01:31:13]} {[%emt 00:00:09]} d6 {[%clk 01:30:58]}
{[%emt 00:00:10]} 3. Nf3 {[%clk 01:31:21]} {[%emt 00:00:22]} Nf6 {[%clk
01:31:12]} {[%emt 00:00:17]} 4. h3 {[%clk 01:25:06]} {[%emt 00:06:45]} Nbd7
{[%clk 01:31:19]} {[%emt 00:00:23]} 5. Bc4 {[%clk 01:24:37]} {[%emt 00:00:59]}
h6 {[%clk 01:31:29]} {[%emt 00:00:20]} 6. d3 {[%clk 01:22:44]} {[%emt
00:02:23]} Be7 {[%clk 01:31:01]} {[%emt 00:00:58]} 7. Be3 {[%clk 01:22:06]}
{[%emt 00:01:07]} c6 {[%clk 01:30:43]} {[%emt 00:00:49]} 8. d4 {[%clk
01:14:45]} {[%emt 00:07:51]} O-O {[%clk 01:29:39]} {[%emt 00:01:33]} 9. Qd2
{[%clk 01:12:11]} {[%emt 00:03:04]} b5 {[%clk 01:26:15]} {[%emt 00:03:54]} 10.
Bb3 {[%clk 01:12:17]} {[%emt 00:00:25]} b4 {[%clk 01:23:06]} {[%emt 00:03:39]}
11. Ne2 {[%clk 01:10:29]} {[%emt 00:02:17]} Nxe4 {[%clk 01:18:14]} {[%emt
00:05:23]} 12. Qxb4 {[%clk 01:08:03]} {[%emt 00:02:56]} d5 {[%clk 01:01:54]}
{[%emt 00:16:50]} 13. Qa4 {[%clk 01:01:45]} {[%emt 00:06:47]} Qc7 {[%clk
01:01:17]} {[%emt 00:01:07]} 14. dxe5 {[%clk 00:58:07]} {[%emt 00:04:08]} Nxe5
{[%clk 00:59:55]} {[%emt 00:01:52]} 15. Nxe5 {[%clk 00:56:29]} {[%emt
00:02:08]} Qxe5 {[%clk 00:59:37]} {[%emt 00:00:48]} 16. Qxc6 {[%clk 00:55:36]}
{[%emt 00:01:23]} Qxb2 {[%clk 00:57:13]} {[%emt 00:02:53]} 17. Bd4 {[%clk
00:54:06]} {[%emt 00:02:01]} Bb4+ {[%clk 00:54:21]} {[%emt 00:03:22]} 18. Kf1
{[%clk 00:49:49]} {[%emt 00:04:47]} Bc3 {[%clk 00:50:58]} {[%emt 00:03:53]} 19.
Bxc3 {[%clk 00:48:30]} {[%emt 00:01:49]} Nxc3 {[%clk 00:50:57]} {[%emt
00:00:31]} 20. Qxc3 {[%clk 00:48:31]} {[%emt 00:00:28]} Qa3 {[%clk 00:50:53]}
{[%emt 00:00:35]} 21. Bxd5 {[%clk 00:46:42]} {[%emt 00:02:19]} 1-0

[Event "ODJM C 2023"]
[Site "Willingen GER"]
[Date "2023.06.03"]
[Round "9"]
[White "Meyer, Henry Paul"]
[Black "Böker, Maximilian"]
[Result "0-1"]
[Termination "normal"]
[Board "4"]
[WhiteElo "1337"]
[BlackElo "969"]
[WhiteClock "00:27:16"]
[BlackClock "00:25:35"]
[PlyCount "96"]
[WhiteFideId "34645802"]
[BlackFideId "34623868"]
[EventCountry "GER"]
[EventRounds "9"]
[EventType "swiss"]
[EventDate "2023.05.27"]

1. d4 {[%clk 01:30:56]} {[%emt 00:00:03]} d5 {[%clk 01:30:52]} {[%emt
00:00:09]} 2. c4 {[%clk 01:31:18]} {[%emt 00:00:07]} dxc4 {[%clk 01:31:11]}
{[%emt 00:00:12]} 3. e3 {[%clk 01:31:32]} {[%emt 00:00:15]} e5 {[%clk
01:31:01]} {[%emt 00:00:39]} 4. Bxc4 {[%clk 01:30:34]} {[%emt 00:01:28]} exd4
{[%clk 01:31:22]} {[%emt 00:00:10]} 5. exd4 {[%clk 01:30:47]} {[%emt 00:00:17]}
Nf6 {[%clk 01:31:00]} {[%emt 00:00:52]} 6. Nf3 {[%clk 01:29:31]} {[%emt
00:01:46]} Bd6 {[%clk 01:30:09]} {[%emt 00:01:21]} 7. O-O {[%clk 01:28:55]}
{[%emt 00:01:06]} O-O {[%clk 01:30:21]} {[%emt 00:00:18]} 8. Re1 {[%clk
01:28:21]} {[%emt 00:01:04]} a6 {[%clk 01:26:54]} {[%emt 00:03:58]} 9. Nc3
{[%clk 01:24:40]} {[%emt 00:04:11]} b5 {[%clk 01:23:34]} {[%emt 00:03:49]} 10.
Bd3 {[%clk 01:17:15]} {[%emt 00:07:55]} Bb7 {[%clk 01:17:20]} {[%emt 00:06:44]}
11. Bg5 {[%clk 01:11:39]} {[%emt 00:06:05]} h6 {[%clk 01:15:53]} {[%emt
00:01:57]} 12. Bh4 {[%clk 01:07:51]} {[%emt 00:04:19]} Nbd7 {[%clk 01:13:11]}
{[%emt 00:03:12]} 13. Ne4 {[%clk 01:01:33]} {[%emt 00:06:48]} Bxe4 {[%clk
01:06:55]} {[%emt 00:06:46]} 14. Bxe4 {[%clk 01:00:23]} {[%emt 00:01:39]} Rb8
{[%clk 01:06:01]} {[%emt 00:01:24]} 15. Bc6 {[%clk 00:57:19]} {[%emt 00:03:35]}
Nb6 {[%clk 00:57:46]} {[%emt 00:08:45]} 16. Ne5 {[%clk 00:54:47]} {[%emt
00:03:02]} Bxe5 {[%clk 00:55:48]} {[%emt 00:02:28]} 17. dxe5 {[%clk 00:52:58]}
{[%emt 00:02:19]} Qxd1 {[%clk 00:54:26]} {[%emt 00:01:52]} 18. Raxd1 {[%clk
00:52:07]} {[%emt 00:01:21]} Nh7 {[%clk 00:52:55]} {[%emt 00:02:01]} 19. Be7
{[%clk 00:48:09]} {[%emt 00:04:28]} Rfc8 {[%clk 00:52:07]} {[%emt 00:01:18]}
20. e6 {[%clk 00:47:15]} {[%emt 00:01:24]} fxe6 {[%clk 00:49:12]} {[%emt
00:03:25]} 21. Rxe6 {[%clk 00:47:27]} {[%emt 00:00:17]} Nf8 {[%clk 00:46:41]}
{[%emt 00:03:01]} 22. Re4 {[%clk 00:43:54]} {[%emt 00:04:04]} Ng6 {[%clk
00:43:35]} {[%emt 00:03:36]} 23. Bb4 {[%clk 00:38:44]} {[%emt 00:05:40]} Rd8
{[%clk 00:41:49]} {[%emt 00:02:16]} 24. Rxd8+ {[%clk 00:35:46]} Rxd8 {[%clk
00:42:06]} {[%emt 00:03:41]} 25. Re8+ {[%clk 00:36:06]} {[%emt 00:00:09]} Rxe8
{[%clk 00:41:47]} {[%emt 00:00:50]} 26. Bxe8 {[%clk 00:36:31]} {[%emt
00:00:05]} Ne5 {[%clk 00:38:39]} {[%emt 00:03:37]} 27. f4 {[%clk 00:34:46]}
{[%emt 00:02:15]} Nd3 {[%clk 00:38:09]} {[%emt 00:01:01]} 28. Be7 {[%clk
00:33:12]} {[%emt 00:02:04]} Nd5 {[%clk 00:34:25]} {[%emt 00:04:13]} 29. Bh4
{[%clk 00:31:05]} {[%emt 00:02:37]} N5xf4 {[%clk 00:32:47]} {[%emt 00:02:09]}
30. b3 {[%clk 00:29:38]} {[%emt 00:01:57]} g5 {[%clk 00:32:19]} {[%emt
00:00:58]} 31. Bg3 {[%clk 00:27:54]} {[%emt 00:02:14]} Ne2+ {[%clk 00:32:08]}
{[%emt 00:00:41]} 32. Kf1 {[%clk 00:28:07]} {[%emt 00:00:17]} Nxg3+ {[%clk
00:32:18]} {[%emt 00:00:20]} 33. hxg3 {[%clk 00:28:35]} {[%emt 00:00:01]} Nc1
{[%clk 00:31:55]} {[%emt 00:00:53]} 34. a4 {[%clk 00:28:52]} {[%emt 00:00:14]}
bxa4 {[%clk 00:30:36]} {[%emt 00:01:50]} 35. Bxa4 {[%clk 00:28:37]} {[%emt
00:00:44]} Kf8 {[%clk 00:28:56]} {[%emt 00:02:10]} 36. Ke1 {[%clk 00:25:55]}
{[%emt 00:03:12]} Nd3+ {[%clk 00:28:24]} {[%emt 00:01:01]} 37. Kd2 {[%clk
00:26:00]} {[%emt 00:00:25]} Nc5 {[%clk 00:28:31]} {[%emt 00:00:24]} 38. Kc3
{[%clk 00:26:06]} {[%emt 00:00:24]} Nxa4+ {[%clk 00:28:40]} {[%emt 00:00:22]}
39. bxa4 {[%clk 00:26:31]} {[%emt 00:00:04]} Ke7 {[%clk 00:28:14]} {[%emt
00:00:56]} 40. Kb4 {[%clk 00:26:19]} {[%emt 00:00:43]} Kd6 {[%clk 00:27:21]}
{[%emt 00:01:22]} 41. Ka5 {[%clk 00:25:01]} {[%emt 00:01:47]} c5 {[%clk
00:26:04]} {[%emt 00:01:47]} 42. Kxa6 {[%emt 00:00:46]} c4 {[%clk 00:25:56]}
43. Kb7 {[%clk 00:25:48]} {[%emt 00:00:05]} c3 {[%clk 00:25:49]} {[%emt
00:00:37]} 44. a5 {[%clk 00:26:11]} {[%emt 00:00:07]} c2 {[%clk 00:26:11]}
{[%emt 00:00:08]} 45. a6 {[%clk 00:26:36]} {[%emt 00:00:05]} c1=Q {[%emt
00:00:15]} 46. a7 {[%emt 00:00:28]} Qc6+ {[%clk 00:25:42]} {[%emt 00:00:15]}
47. Kb8 {[%clk 00:26:56]} {[%emt 00:00:11]} Kd7 {[%clk 00:25:42]} {[%emt
00:00:29]} 48. a8=Q {[%clk 00:27:16]} {[%emt 00:00:11]} Qc7# {[%clk 00:25:35]}
{[%emt 00:00:07]} 0-1

[Event "ODJM C 2023"]
[Site "Willingen GER"]
[Date "2023.06.03"]
[Round "9"]
[White "Classen, Marnin"]
[Black "Sauer, Ben"]
[Result "1-0"]
[Termination "normal"]
[Board "5"]
[WhiteElo "1352"]
[BlackElo "1340"]
[WhiteClock "01:15:25"]
[BlackClock "00:26:49"]
[PlyCount "45"]
[WhiteFideId "34623833"]
[BlackFideId "34606866"]
[EventCountry "GER"]
[EventRounds "9"]
[EventType "swiss"]
[EventDate "2023.05.27"]

1. e4 {[%clk 01:30:59]} c5 {[%clk 01:30:56]} {[%emt 00:00:05]} 2. Nf3 {[%clk
01:31:23]} {[%emt 00:00:06]} Nc6 {[%clk 01:31:23]} {[%emt 00:00:04]} 3. Nc3
{[%clk 01:31:41]} {[%emt 00:00:10]} e6 {[%clk 01:31:38]} {[%emt 00:00:16]} 4.
d4 {[%clk 01:32:03]} {[%emt 00:00:07]} cxd4 {[%clk 01:31:38]} {[%emt 00:00:31]}
5. Nxd4 {[%clk 01:32:25]} {[%emt 00:00:07]} a6 {[%clk 01:29:36]} {[%emt
00:02:33]} 6. Bc4 {[%clk 01:32:31]} {[%emt 00:00:22]} g6 {[%clk 01:28:41]}
{[%emt 00:01:26]} 7. Be3 {[%clk 01:32:44]} {[%emt 00:00:17]} Bg7 {[%clk
01:28:13]} {[%emt 00:00:58]} 8. Qd2 {[%clk 01:32:14]} {[%emt 00:00:59]} Nge7
{[%clk 01:20:48]} {[%emt 00:07:55]} 9. O-O-O {[%clk 01:31:55]} {[%emt
00:00:50]} O-O {[%clk 01:15:27]} {[%emt 00:05:51]} 10. f3 {[%clk 01:27:43]}
{[%emt 00:04:42]} Qc7 {[%clk 01:12:59]} {[%emt 00:02:58]} 11. Bb3 {[%clk
01:27:46]} {[%emt 00:00:27]} Nxd4 {[%clk 01:07:46]} {[%emt 00:05:43]} 12. Bxd4
{[%clk 01:26:37]} {[%emt 00:01:37]} e5 {[%clk 01:07:18]} {[%emt 00:01:00]} 13.
Be3 {[%clk 01:26:55]} {[%emt 00:00:12]} b5 {[%clk 01:02:00]} {[%emt 00:05:47]}
14. g4 {[%clk 01:23:39]} {[%emt 00:03:46]} Rd8 {[%clk 00:56:16]} {[%emt
00:06:15]} 15. Bg5 {[%clk 01:20:41]} {[%emt 00:03:27]} Bf8 {[%clk 00:46:22]}
{[%emt 00:10:24]} 16. Nd5 {[%clk 01:20:32]} {[%emt 00:00:39]} Qc5 {[%clk
00:46:18]} {[%emt 00:00:35]} 17. h4 {[%clk 01:19:21]} {[%emt 00:01:41]} Bb7
{[%clk 00:42:24]} {[%emt 00:04:24]} 18. Nf6+ {[%clk 01:18:29]} {[%emt
00:01:22]} Kh8 {[%clk 00:39:05]} {[%emt 00:03:49]} 19. h5 {[%clk 01:14:56]}
{[%emt 00:04:03]} Bg7 {[%clk 00:30:04]} {[%emt 00:09:31]} 20. hxg6 {[%clk
01:14:42]} {[%emt 00:00:44]} Bxf6 {[%clk 00:26:05]} {[%emt 00:04:28]} 21. Bxf6+
{[%clk 01:14:53]} {[%emt 00:00:19]} Kg8 {[%clk 00:26:28]} {[%emt 00:00:07]} 22.
gxf7+ {[%clk 01:15:02]} {[%emt 00:00:22]} Kf8 {[%clk 00:26:49]} {[%emt
00:00:09]} 23. Qh6# {[%clk 01:15:25]} {[%emt 00:00:07]} 1-0

[Event "ODJM C 2023"]
[Site "Willingen GER"]
[Date "2023.06.03"]
[Round "9"]
[White "Winkler, Frida"]
[Black "Franke, Leonhard"]
[Result "0-1"]
[Termination "normal"]
[Board "6"]
[WhiteElo "1280"]
[BlackElo "1348"]
[WhiteClock "01:00:20"]
[BlackClock "01:08:40"]
[PlyCount "38"]
[WhiteFideId "34622322"]
[BlackFideId "34644806"]
[EventCountry "GER"]
[EventRounds "9"]
[EventType "swiss"]
[EventDate "2023.05.27"]

1. e4 {[%clk 01:30:59]} e5 {[%clk 01:30:56]} {[%emt 00:00:05]} 2. Nf3 {[%clk
01:31:22]} {[%emt 00:00:07]} Nc6 {[%clk 01:31:17]} {[%emt 00:00:10]} 3. Bc4
{[%clk 01:31:46]} {[%emt 00:00:05]} Bc5 {[%clk 01:31:27]} {[%emt 00:00:20]} 4.
b4 {[%clk 01:32:09]} {[%emt 00:00:07]} Bxb4 {[%clk 01:31:33]} {[%emt 00:00:24]}
5. c3 {[%clk 01:32:33]} {[%emt 00:00:06]} Ba5 {[%clk 01:31:40]} {[%emt
00:00:23]} 6. d4 {[%clk 01:32:55]} {[%emt 00:00:08]} exd4 {[%clk 01:31:50]}
{[%emt 00:00:20]} 7. O-O {[%clk 01:33:17]} {[%emt 00:00:08]} Nf6 {[%clk
01:32:10]} {[%emt 00:00:10]} 8. e5 {[%clk 01:29:21]} {[%emt 00:04:26]} Ng4
{[%clk 01:30:21]} {[%emt 00:02:19]} 9. cxd4 {[%clk 01:25:35]} {[%emt 00:04:16]}
d5 {[%clk 01:29:19]} {[%emt 00:01:32]} 10. exd6 {[%clk 01:25:42]} {[%emt
00:00:23]} Qxd6 {[%clk 01:28:37]} {[%emt 00:01:12]} 11. Ba3 {[%clk 01:25:00]}
{[%emt 00:01:11]} Qh6 {[%clk 01:25:22]} {[%emt 00:03:45]} 12. Qe2+ {[%clk
01:21:41]} {[%emt 00:03:49]} Be6 {[%clk 01:23:58]} {[%emt 00:01:56]} 13. h3
{[%clk 01:19:43]} {[%emt 00:02:26]} Nxf2 {[%clk 01:15:29]} {[%emt 00:09:00]}
14. Rxf2 {[%emt 00:01:56]} Bb6 {[%clk 01:15:36]} {[%emt 00:00:21]} 15. Rf1
{[%clk 01:15:48]} {[%emt 00:03:01]} Nxd4 {[%clk 01:15:36]} {[%emt 00:00:30]}
16. Qe4 {[%clk 01:06:04]} {[%emt 00:10:12]} Nxf3+ {[%clk 01:14:08]} {[%emt
00:02:00]} 17. Kh1 {[%clk 01:06:06]} {[%emt 00:00:26]} Ng5 {[%clk 01:14:29]}
{[%emt 00:00:10]} 18. Qxb7 {[%clk 01:01:23]} {[%emt 00:05:13]} Bxh3 {[%clk
01:08:22]} {[%emt 00:06:37]} 19. Bb5+ {[%clk 01:00:20]} {[%emt 00:01:34]} Bd7#
{[%clk 01:08:40]} {[%emt 00:00:12]} 0-1

[Event "ODJM C 2023"]
[Site "Willingen GER"]
[Date "2023.06.03"]
[Round "9"]
[White "Türel, Tugce"]
[Black "Börner, Eric"]
[Result "1-0"]
[Termination "normal"]
[Board "7"]
[WhiteElo "1249"]
[BlackElo "1287"]
[WhiteClock "00:42:06"]
[BlackClock "01:05:47"]
[PlyCount "41"]
[WhiteFideId "26350602"]
[BlackFideId "34608362"]
[EventCountry "GER"]
[EventRounds "9"]
[EventType "swiss"]
[EventDate "2023.05.27"]

1. e4 {[%clk 01:30:58]} {[%emt 00:00:01]} e5 {[%clk 01:30:55]} {[%emt
00:00:05]} 2. Nf3 {[%clk 01:31:13]} {[%emt 00:00:15]} Nc6 {[%clk 01:31:19]}
{[%emt 00:00:06]} 3. Bc4 {[%clk 01:31:37]} {[%emt 00:00:06]} Bc5 {[%clk
01:31:45]} {[%emt 00:00:04]} 4. c3 {[%clk 01:32:02]} {[%emt 00:00:06]} Nf6
{[%clk 01:32:10]} {[%emt 00:00:04]} 5. d3 {[%clk 01:32:25]} {[%emt 00:00:07]}
O-O {[%clk 01:32:08]} 6. O-O {[%clk 01:32:25]} d5 {[%clk 01:32:35]} {[%emt
00:00:51]} 7. exd5 {[%clk 01:32:58]} Nxd5 {[%clk 01:32:56]} {[%emt 00:00:21]}
8. Re1 {[%clk 01:32:36]} Qd6 {[%clk 01:25:05]} {[%emt 00:09:13]} 9. Nxe5 {[%clk
00:56:38]} Nxe5 {[%clk 01:21:23]} {[%emt 00:40:38]} 10. Bxd5 {[%clk 00:50:30]}
Qxd5 {[%clk 01:21:36]} {[%emt 00:06:56]} 11. d4 {[%clk 00:48:04]} {[%emt
00:02:56]} Bh3 {[%clk 01:16:48]} {[%emt 00:05:18]} 12. f3 {[%clk 00:46:05]}
{[%emt 00:02:30]} Nxf3+ {[%clk 01:17:12]} {[%emt 00:00:06]} 13. Qxf3 {[%clk
00:45:41]} {[%emt 00:00:53]} Qxf3 {[%clk 01:17:37]} {[%emt 00:00:05]} 14. gxf3
{[%clk 00:46:07]} {[%emt 00:00:05]} Bd6 {[%clk 01:17:55]} {[%emt 00:00:11]} 15.
Bg5 {[%clk 00:43:06]} {[%emt 00:03:30]} Rfe8 {[%clk 01:17:08]} {[%emt
00:01:18]} 16. Nd2 {[%clk 00:43:09]} {[%emt 00:00:27]} f6 {[%clk 01:17:29]}
{[%emt 00:00:09]} 17. Bh4 {[%clk 00:42:57]} {[%emt 00:00:43]} Bf4 {[%clk
01:17:47]} {[%emt 00:00:12]} 18. Ne4 {[%clk 00:42:16]} {[%emt 00:01:11]} Re7
{[%clk 01:06:05]} {[%emt 00:12:11]} 19. Nxf6+ {[%clk 00:41:52]} {[%emt
00:00:55]} Kf7 {[%clk 01:05:24]} {[%emt 00:01:11]} 20. Rxe7+ {[%clk 00:42:07]}
{[%emt 00:00:15]} Kxe7 {[%clk 01:05:47]} {[%emt 00:00:07]} 21. Nd5+ {[%clk
00:42:06]} {[%emt 00:00:30]} 1-0

[Event "ODJM C 2023"]
[Site "Willingen GER"]
[Date "2023.06.03"]
[Round "9"]
[White "Schäfer, Amadeus"]
[Black "Hierl, Andreas"]
[Result "0-1"]
[Termination "normal"]
[Board "8"]
[WhiteElo "1274"]
[BlackElo "1236"]
[WhiteClock "00:47:56"]
[BlackClock "00:55:23"]
[PlyCount "48"]
[WhiteFideId "34660585"]
[BlackFideId "34660496"]
[EventCountry "GER"]
[EventRounds "9"]
[EventType "swiss"]
[EventDate "2023.05.27"]

1. d4 {[%clk 01:30:58]} {[%emt 00:00:02]} d5 {[%clk 01:30:53]} {[%emt
00:00:07]} 2. c4 {[%clk 01:31:25]} {[%emt 00:00:04]} c6 {[%clk 01:31:01]}
{[%emt 00:00:22]} 3. Nc3 {[%clk 01:31:49]} {[%emt 00:00:05]} Nf6 {[%clk
01:31:17]} {[%emt 00:00:14]} 4. cxd5 {[%clk 01:32:13]} {[%emt 00:00:06]} cxd5
{[%clk 01:31:41]} {[%emt 00:00:07]} 5. Bf4 {[%clk 01:32:10]} {[%emt 00:00:32]}
Nc6 {[%clk 01:31:49]} {[%emt 00:00:22]} 6. e3 {[%clk 01:31:55]} {[%emt
00:00:46]} Bf5 {[%clk 01:32:04]} {[%emt 00:00:13]} 7. Bd3 {[%clk 01:30:47]}
{[%emt 00:01:38]} Bxd3 {[%clk 01:30:27]} {[%emt 00:02:08]} 8. Qxd3 {[%clk
01:23:50]} {[%emt 00:07:26]} a6 {[%clk 01:27:52]} {[%emt 00:03:06]} 9. Nf3
{[%clk 01:24:01]} {[%emt 00:00:19]} e6 {[%clk 01:26:52]} {[%emt 00:01:30]} 10.
O-O {[%clk 01:22:02]} {[%emt 00:02:30]} Be7 {[%clk 01:25:51]} {[%emt 00:01:30]}
11. a3 {[%clk 01:20:16]} {[%emt 00:02:17]} O-O {[%clk 01:22:08]} {[%emt
00:04:12]} 12. b4 {[%clk 01:18:56]} {[%emt 00:01:50]} Nh5 {[%clk 01:19:50]}
{[%emt 00:02:48]} 13. Bg3 {[%clk 01:18:17]} {[%emt 00:01:09]} Nxg3 {[%clk
01:19:12]} {[%emt 00:01:08]} 14. hxg3 {[%clk 01:17:39]} {[%emt 00:01:07]} Bf6
{[%clk 01:15:10]} {[%emt 00:04:32]} 15. Rac1 {[%clk 01:16:51]} {[%emt
00:01:16]} Qe7 {[%clk 01:14:10]} {[%emt 00:01:33]} 16. Na2 {[%clk 01:12:39]}
{[%emt 00:04:38]} Rfd8 {[%clk 01:12:40]} {[%emt 00:02:04]} 17. Rc5 {[%clk
01:11:37]} {[%emt 00:01:30]} Qd6 {[%clk 01:08:04]} {[%emt 00:05:07]} 18. Rfc1
{[%clk 01:11:35]} {[%emt 00:00:32]} h6 {[%clk 01:03:32]} {[%emt 00:05:02]} 19.
Qc2 {[%clk 01:01:10]} {[%emt 00:10:53]} e5 {[%clk 00:53:43]} {[%emt 00:10:21]}
20. dxe5 {[%clk 01:01:06]} {[%emt 00:00:34]} Nxe5 {[%clk 00:53:56]} {[%emt
00:00:18]} 21. Nxe5 {[%clk 01:01:02]} {[%emt 00:00:32]} Bxe5 {[%clk 00:54:16]}
{[%emt 00:00:12]} 22. Rc7 {[%clk 00:47:15]} {[%emt 00:14:17]} Qxc7 {[%clk
00:54:34]} {[%emt 00:00:12]} 23. Qxc7 {[%clk 00:47:29]} {[%emt 00:00:16]} Bxc7
{[%clk 00:54:59]} {[%emt 00:00:05]} 24. Rxc7 {[%clk 00:47:56]} {[%emt
00:00:04]} Rac8 {[%clk 00:55:23]} {[%emt 00:00:05]} 0-1